00650 a2200133 4500003000500000005001700005040000900022100008000031245015600111260004400267300001300311505018100324651001100505Nust20170207154011.0 cNust aAlptekin Kupcu B.S., Bilkent University, 2004 M.Sc., Brown University, 2007 aEfficient Cryptography for the Next Generation Secure Cloud (E-Book)cAlptekin K¨up¸c¨u B.S., Bilkent University, 2004 M.Sc., Brown University, 2007 a IslandbProvidence, Rhode Islandc2010 axv,259,p aThe Next Generation Secure Cloud(Page-1)Networking In The Cloud (Page-10) Trusting The Cloud (Page-49) Computing In The Cloud (Page-81) Storing In The Cloud (Page-104) aE-Book